[Event "Bremen Silvester op"]
[Site "Bremen"]
[Date "2019.12.28"]
[Round "3"]
[White "Benecke, Torsten"]
[Black "Reuker, Jari"]
[Result "0-1"]
[WhiteElo "2010"]
[BlackElo "2383"]
[PlyCount "42"]
[EventDate "2019.12.27"]
[EventType "swiss"]
[EventRounds "7"]
[EventCountry "GER"]
[SourceTitle "CBM 194 Extra"]
[Source "ChessBase"]
[SourceDate "2020.03.31"]
[SourceVersion "1"]
[SourceVersionDate "2020.03.31"]
[SourceQuality "1"]

1. e4 e5 2. f4 exf4 3. Nf3 g5 4. Bc4 g4 5. 0-0 gxf3 6. Qxf3 Qf6 7. e5 Qxe5 8. Bxf7+ Kxf7 9. d4 Qf5 10. Bxf4 Nf6 11. Nc3 d6 12. Rae1 Rg8 13. Nd1 Nc6 14. c3 Qg4 15. Qf2 Qg6 16. Ne3 Bd7 17. h4 Be7 18. Bg5 Kg7 19. Bxf6+ Qxf6 20. Qe2 Qxh4 21. Rf5 Kh8 0-1

[Event "Bremen Silvester op"]
[Site "Bremen"]
[Date "2019.12.27"]
[Round "2"]
[White "Lambers, Gabriel"]
[Black "Benecke, Torsten"]
[Result "0-1"]
[WhiteElo "1629"]
[BlackElo "2010"]
[PlyCount "20"]
[EventDate "2019.12.27"]
[EventType "swiss"]
[EventRounds "7"]
[EventCountry "GER"]
[SourceTitle "CBM 194 Extra"]
[Source "ChessBase"]
[SourceDate "2020.03.31"]
[SourceVersion "1"]
[SourceVersionDate "2020.03.31"]
[SourceQuality "1"]

1. e4 e5 2. Nf3 f5 3. Nc3 fxe4 4. Nxe4 d5 5. Nc3 e4 6. Nd4 Nf6 7. Be2 c5 8. Bb5+ Kf7 9. Nf3 exf3 10. 0-0 a6 0-1

[Event "Bremen Silvester op"]
[Site "Bremen"]
[Date "2017.12.27"]
[Round "2"]
[White "Suess, Stefan1111"]
[Black "Benecke, Torsten"]
[Result "1/2-1/2"]
[WhiteElo "1775"]
[BlackElo "2078"]
[PlyCount "48"]
[EventDate "2017.12.27"]
[EventType "swiss"]
[EventRounds "7"]
[EventCountry "GER"]
[SourceTitle "CBM 182 Extra"]
[Source "ChessBase"]
[SourceDate "2018.02.23"]
[SourceVersion "1"]
[SourceVersionDate "2018.02.23"]
[SourceQuality "1"]

1. d4 Nf6 2. Bf4 g6 3. Nf3 Bg7 4. e3 0-0 5. Be2 d6 6. h3 b6 7. Nbd2 c5 8. c3 Ba6 9. 0-0 Qc8 10. Re1 Bxe2 11. Qxe2 Qa6 12. a4 Qxe2 13. Rxe2 Nc6 14. Bh2 Rfe8 15. Nc4 Rac8 16. dxc5 bxc5 17. Bxd6 exd6 18. Nxd6 Ne4 19. Nxe8 Rxe8 20. Nd2 Nd6 21. Kf1 Rb8 22. Ra2 Ne5 23. b3 Nd3 24. Rc2 a5 1/2-1/2